LIBRARY & INFORMATION CENTRE, KCAET, TAVANUR

ONLINE PUBLIC ACCESS CATALOGUE (OPAC)

Our next-shore neighbours / (Record no. 7843)

MARC details
000 -LEADER
fixed length control field 00401cam a2200157ua 4500
041 ## - LANGUAGE CODE
Language code of text/sound track or separate title eng
082 ## - DEWEY DECIMAL CLASSIFICATION NUMBER
Classification number 828.08355
Item number KAK/OU
100 ## - MAIN ENTRY--AUTHOR NAME
Personal name Kaka, Kalelkar .
245 ## - TITLE STATEMENT
Title Our next-shore neighbours /
250 ## - EDITION STATEMENT
Edition statement 1 /
260 ## - PUBLICATION, DISTRIBUTION, ETC. (IMPRINT)
Place of publication Ahmadabad :
Name of publisher Navajivan publishing house ,
Year of publication 1954.
300 ## - PHYSICAL DESCRIPTION
Number of Pages 220 ; .
942 ## - ADDED ENTRY ELEMENTS (KOHA)
Koha item type Books
Holdings
Withdrawn status Lost status Damaged status Home library Current library Date acquired Full call number Accession Number Koha item type
Withdrawn     KAUAET Sanskrit University 07/04/2012 828.08355 2392 Books
free website counter